Central Library OPAC University of Rajshahi

Magnetism and the chemical bond / (Record no. 53574)

MARC details
000 -LEADER
fixed length control field 00883nam a2200265 a 4500
001 - CONTROL NUMBER
control field 53574
003 - CONTROL NUMBER IDENTIFIER
rucl marc code BD-RjUL
005 - DATE AND TIME OF LATEST TRANSACTION
control field 20211209080003.0
008 - FIXED-LENGTH DATA ELEMENTS--GENERAL INFORMATION
fixed length control field 161018s1963 nyua b 001 0 eng
035 ## - SYSTEM CONTROL NUMBER
System control number (BD-RjUL)53696
040 ## - CATALOGING SOURCE
Original cataloging agency DLC/ICU
Transcribing agency ICU
Modifying agency DLC
-- BD-RjUL
Language of cataloging eng
041 ## - LANGUAGE CODE
Language code of text/sound track or separate title eng
082 00 - DEWEY DECIMAL CLASSIFICATION NUMBER
Classification number 541.224
Edition number 23
Author mark and year GOM 1963
100 1# - MAIN ENTRY--PERSONAL NAME
Personal name Goodenough, John B
9 (RLIN) 160119
245 10 - TITLE STATEMENT
Title Magnetism and the chemical bond /
Statement of responsibility, etc. John B . Goodenough
260 ## - PUBLICATION, DISTRIBUTION, ETC. (IMPRINT)
Place of publication, distribution, etc. New York :
Name of publisher, distributor, etc. Interscience Publishers,
Date of publication, distribution, etc. c1963
300 ## - PHYSICAL DESCRIPTION
Pagination xv, 393 p. :
Illustrations ill. ;
Size 24 cm.
490 1# - SERIES STATEMENT
Series statement Interscience monographs on chemistry: inorganic chemistry section,
Volume/sequential designation v. 1
504 ## - BIBLIOGRAPHY, ETC. NOTE
Bibliography, etc Bibliography: p. 355-377 and index
650 #0 - SUBJECT ADDED ENTRY--TOPICAL TERM
Topical term or geographic name as entry element Chemical bonds.
9 (RLIN) 164529
Topical term or geographic name as entry element Transition metals.
9 (RLIN) 160120
Topical term or geographic name as entry element Magnetism.
9 (RLIN) 160121
830 #0 - SERIES ADDED ENTRY--UNIFORM TITLE
Uniform title Interscience monographs on chemistry.
Volume number/sequential designation v. 1.
942 ## - ADDED ENTRY ELEMENTS (KOHA)
Source of classification or shelving scheme Dewey Decimal Classification
Koha item type Books
Holdings
Lost status Source of classification or shelving scheme Damaged status Not for loan Collection code Permanent Location Current Location Shelving location Date acquired Source of acquisition Cost, normal purchase price Total Checkouts Full call number Date last seen Copy number Koha item type
  Dewey Decimal Classification     Non-fiction Central Library, University of Rajshahi Central Library, University of Rajshahi   22/06/1964 mirza 62.50   541.224 GOM 1963 18/10/2016 C-2 Books
  Dewey Decimal Classification   Not For Loan Non-fiction Central Library, University of Rajshahi Central Library, University of Rajshahi Reading Room 06/04/1967 Euro-Pak 93.96   541.224 GOM 1963 13/05/2017 C-1 Books